<?xml version="1.0" encoding="UTF-8"?><?xml-stylesheet type="text/xsl" href="static/style.xsl"?><OAI-PMH xmlns="http://www.openarchives.org/OAI/2.0/" xmlns:xsi="http://www.w3.org/2001/XMLSchema-instance" xsi:schemaLocation="http://www.openarchives.org/OAI/2.0/ http://www.openarchives.org/OAI/2.0/OAI-PMH.xsd"><responseDate>2026-04-27T03:43:10Z</responseDate><request verb="GetRecord" identifier="oai:repisalud.isciii.es:20.500.12105/23827" metadataPrefix="marc">https://repisalud.isciii.es/rest/oai/request</request><GetRecord><record><header><identifier>oai:repisalud.isciii.es:20.500.12105/23827</identifier><datestamp>2024-11-29T01:17:11Z</datestamp><setSpec>com_20.500.12105_15322</setSpec><setSpec>com_20.500.12105_2051</setSpec><setSpec>col_20.500.12105_16967</setSpec></header><metadata><record xmlns="http://www.loc.gov/MARC21/slim" xmlns:dcterms="http://purl.org/dc/terms/" xmlns:doc="http://www.lyncode.com/xoai" xmlns:xsi="http://www.w3.org/2001/XMLSchema-instance" xsi:schemaLocation="http://www.loc.gov/MARC21/slim http://www.loc.gov/standards/marcxml/schema/MARC21slim.xsd">
   <leader>00925njm 22002777a 4500</leader>
   <datafield ind2=" " ind1=" " tag="042">
      <subfield code="a">dc</subfield>
   </datafield>
   <datafield ind2=" " ind1=" " tag="720">
      <subfield code="a">Sastre-Munar, Andreu</subfield>
      <subfield code="e">author</subfield>
   </datafield>
   <datafield ind2=" " ind1=" " tag="720">
      <subfield code="a">Romero-Franco, Natalia</subfield>
      <subfield code="e">author</subfield>
   </datafield>
   <datafield ind2=" " ind1=" " tag="260">
      <subfield code="c">2024-01-16</subfield>
   </datafield>
   <datafield ind2=" " ind1=" " tag="520">
      <subfield code="a">Background: Although pain management programs reduce pain and improve wellness perception in the general population, few studies have explored these effects in athletes. This study evaluated the effects of an educational program about pain neuroscience on wellness, training performance, and pain in youth athletes. Differences according to sex were also explored. Methods: For 12 weeks, 52 athletes were randomly assigned to an intervention group (IG: educational program about healthy sports habits and pain neuroscience) or a control group (CG: education on healthy sports habits only). Before the start of the study and weekly until its end, wellness, training performance, and pain intensity were monitored via a questionnaire. Results: After the intervention, IG decreased stress (p = 0.028) compared to the baseline, and a higher number of training sessions were performed without health problems (76.6%) compared to the number in the CG (63.0%) (χ2 = 8.31, p = 0.004). Regarding pain, the IG perceived lower pain than the CG did (p = 0.028). Females in the IG had lower pain than those in the CG did (p &lt; 0.05), without differences in other variables or in males (p > 0.05). Conclusions: An educational program that includes pain neuroscience may help youth athletes improve their wellness status, pain intensity perception, and training session performance.</subfield>
   </datafield>
   <datafield ind1="8" ind2=" " tag="024">
      <subfield code="a">Sastre-Munar A, Romero-Franco N. Pain Education in the Wellness, Training Performance, and Pain Intensity of Youth Athletes: An Experimental Study. Healthc (Basel, Switzerland). 2024 Jan 16;12(2).</subfield>
   </datafield>
   <datafield ind1="8" ind2=" " tag="024">
      <subfield code="a">2227-9032</subfield>
   </datafield>
   <datafield ind1="8" ind2=" " tag="024">
      <subfield code="a">https://hdl.handle.net/20.500.13003/20201</subfield>
   </datafield>
   <datafield ind1="8" ind2=" " tag="024">
      <subfield code="a">https://hdl.handle.net/20.500.12105/23827</subfield>
   </datafield>
   <datafield ind1="8" ind2=" " tag="024">
      <subfield code="a">38255102</subfield>
   </datafield>
   <datafield ind1="8" ind2=" " tag="024">
      <subfield code="a">10.3390/healthcare12020215</subfield>
   </datafield>
   <datafield ind1="8" ind2=" " tag="024">
      <subfield code="a">10.3390/healthcare12020215</subfield>
   </datafield>
   <datafield ind1="8" ind2=" " tag="024">
      <subfield code="a">Healthcare (Basel, Switzerland)</subfield>
   </datafield>
   <datafield ind1="8" ind2=" " tag="024">
      <subfield code="a">2-s2.0-85183169754</subfield>
   </datafield>
   <datafield ind1="8" ind2=" " tag="024">
      <subfield code="a">1151809900001</subfield>
   </datafield>
   <datafield ind2="0" ind1="0" tag="245">
      <subfield code="a">Pain Education in the Wellness, Training Performance, and Pain Intensity of Youth Athletes: An Experimental Study</subfield>
   </datafield>
</record></metadata></record></GetRecord></OAI-PMH>